Život i rad Dra Jovana Hadžica Svetica

Bibliographic Details
Format: Book
Language:Undetermined
Published: U Novom Sadu Matica srpska 1899

MARC

LEADER 00000nam a2200000 a 4500
001 vtls001411759
003 SK-MaSNL
005 20260224154953.0
008 180810s1899 xx 0 und
035 |a SNK000366469 
040 |a SNK  |b slo  |c SNK  |e AACR2 
041 0 |a und 
044 |a xx 
245 1 |a Život i rad Dra Jovana Hadžica Svetica 
260 |a U Novom Sadu  |b Matica srpska  |c 1899 
300 |a 134 s. 
958 |a ONDV 
999 |c 1069173  |d 1071103 
952 |t P60, <04>, [BOOK], {604}  |a SNK  |b SNK  |y VYP  |7 0  |p 17A0297357  |o snkIC 70266  |0 0  |1 0  |4 0  |d 2001-04-19  |l 0  |r 2005-01-02 00:00:00  |w 2026-02-24